Triky a tipy pre úspešného manažéra 2 nepodceňujte identifikáciu rozhodovacích problémov

Rozhodovacie problémy a kvalitný manažér.

Enregistré dans:
Détails bibliographiques
Auteur principal: Jankelová, Nadežda, 1966-
Format: Chapitre de livre
Langue:slovaque
Sujets:
Tags: Ajouter un tag
Pas de tags, Soyez le premier à ajouter un tag!

MARC

LEADER 00000nla$a2200000$$$4500
001 0150656
005 20240502072715.7
041 0 |a slo 
044 |a SK 
245 1 0 |a Triky a tipy pre úspešného manažéra 2  |b nepodceňujte identifikáciu rozhodovacích problémov  |c Nadežda Jankelová 
520 |a Rozhodovacie problémy a kvalitný manažér. 
610 2 0 |a podnik 
610 2 0 |a rozhodovanie podnikové 
610 2 0 |a manažéri 
610 2 0 |a rozhodovanie manažérske 
100 1 |a Jankelová, Nadežda, 1966-